| 000 | 00659nam a22002057a 4500 | ||
|---|---|---|---|
| 003 | OSt | ||
| 005 | 20250721141745.0 | ||
| 008 | 250721b |||||||| |||| 00| 0 eng d | ||
| 020 | _a9786245869008 | ||
| 040 | _cDCL | ||
| 041 | _aEnglish | ||
| 082 | _a294.3824 | ||
| 130 |
_aTipiá¹aka. Abhidhammapiá¹aka. _lEnglish. Translation |
||
| 245 | 1 | 0 |
_aThe path of purity : _bbeing a translation of Buddhaghosa's Visuddhimagga Buddhaghosa / _ctranslated by Pe Maung Tin . |
| 260 |
_aOxford : _bPali Text Society, _c1971. |
||
| 300 |
_aXIV, 907 pages ; _c22 cm. |
||
| 650 | _aVisuddhimagga | ||
| 700 | 0 |
_aPe Maung Tin _etranslator |
|
| 942 |
_2ddc _cBOK _n0 |
||
| 999 |
_c1629 _d1629 |
||